000 00864nam a22002417a 4500
999 _c347423
_d347423
003 BLK
005 20250717102925.0
008 191223b bu ||||| |||| 00| 0 bu d
020 _a9789543895656
040 _aBLK
041 _aBUL
_cBUL
080 _aАмериканска литература (на САЩ)
_b821.111(73)
_z821.111(73)-312.6
_x-312.6
100 _aМур, Деми
_eпърви автор
_91299
139 _aМур, Деми
_bМ 95
245 _aВсичко, което съм
_cДеми Мур; прев. от англ. Красимира Абаджиева.
260 _9209478
_aСофия
_bЕра
_c2019
300 _a230 с.
_c21 см
380 _aX
700 _aАбаджиева, Красимира Светославова
_9245496
942 _cKNG
_n0
_s1
_042
999 _d347423
944 _k30542
_lРусанова Ирена